| 000 | 00850nam a22002777a 4500 | ||
|---|---|---|---|
| 003 | CHAP | ||
| 005 | 20220329134125.0 | ||
| 008 | 971013c19771968 r 00010 d | ||
| 010 | _a15742 | ||
| 011 | _a16714 | ||
| 035 | _a20796 | ||
| 040 | _cCHAP | ||
| 082 |
_a519.54 _bG8Y |
||
| 100 | 0 | 0 |
_aGunther, William C. _951479 |
| 245 | _aIntroducción a la inferencia estadística | ||
| 260 |
_aMéxico, D.F. : _bMcGraw-Hill, _c1977 (c.1968) |
||
| 300 |
_a357 p. _b: ilus |
||
| 590 |
_aBATCH-UPD _b10 _c20130110 _lUCH01 _h1611 |
||
| 590 |
_aBATCH-UPD _b10 _c20130410 _lUCH01 _h1006 |
||
| 590 |
_aBATCH-UPD _b10 _c20130914 _lUCH01 _h1638 |
||
| 590 |
_aCONVERSION _b10 _c20130109 _lUCH01 _h1310 |
||
| 650 | 1 | 4 |
_aInferencia estadística. _958062 |
| 901 | _aBK | ||
| 942 | _cLIBRO | ||
| 949 |
_a519.54 G8Y _bBC _cLIBRO _d33724000388773 _eLIBRO _h1398 _i20796 _si _t178.00 |
||
| 999 |
_c15742 _d15742 |
||